000 00502nam a2200181 i 4500
001 36105
003 ES-MaACL
005 20250620063012.0
007 t|
008 030217m19251933fr ||||1| por d
100 1 _aBrandão, Raúl,
_d1867-1930
_931331
245 1 0 _aMemórias /
_cRaul Brandao.
250 _a5ª ed.
260 _aParis, etc. :
_bAillad e Bertrand,
_c[1925-33] (
_fAnuario Comercial)
300 _a3 v. ;
_c19 cm.
852 _aES-MaACL
_jC-7380-2
999 _c36105
_d36105